[Event "12th EUR-ch"]
[Site "Aix-les-Bains FRA"]
[Date "2011.03.23"]
[Round "2.69"]
[White "Fauland, Alexander"]
[Black "Nikolic, Predrag"]
[Result "0-1"]
[WhiteElo "2461"]
[BlackElo "2596"]
[EventDate "2011.03.22"]
[PlyCount "48"]

1.c4 e5 2.g3 d6 3.Bg2 f5 4.Nc3 Nf6 5.d4 Be7 6.Nf3 e4 7.Ng5 h6 8.Nh3 Be6 9.
f3 exf3 10.Bxf3 c6 11.d5 Bf7 12.Qd3 Nbd7 13.Qxf5 Ne5 14.Nf4 O-O 15.b3 Qb6 
16.Ne6 Bxe6 17.Qxe6+ Rf7 18.dxc6 bxc6 19.Nd1 Re8 20.Be3 Qa5+ 21.Bd2 Nxf3+ 
22.exf3 Qh5 23.Qe2 d5 24.g4 Nxg4 0-1

[Event "12th EUR-ch"]
[Site "Aix-les-Bains FRA"]
[Date "2011.03.23"]
[Round "2.70"]
[White "Pantsulaia, Levan"]
[Black "Van Kampen, Robin"]
[Result "1-0"]
[WhiteElo "2595"]
[BlackElo "2456"]
[EventDate "2011.03.22"]
[PlyCount "101"]

1.Nf3 d5 2.g3 c6 3.Bg2 Bg4 4.O-O Nf6 5.d3 Nbd7 6.Qe1 e5 7.e4 dxe4 8.dxe4 
Be7 9.h3 Bxf3 10.Bxf3 O-O 11.a4 a5 12.Nd2 Nc5 13.Nc4 Qc7 14.Bd2 b6 15.Bc3 
Nfd7 16.Bg4 Rfe8 17.Qe3 Bf8 18.Rfd1 Nf6 19.Bf3 Ncd7 20.b3 Bc5 21.Qe1 Nf8 
22.Rd3 Bd4 23.Bxd4 exd4 24.Rxd4 Ne6 25.Rd3 Ng5 26.e5 Nd7 27.Bg2 Nxe5 28.
Nxe5 Rxe5 29.Qd2 Rae8 30.Rd7 Qc8 31.Rd1 h6 32.f4 Ne4 33.Rd8 Qe6 34.Rxe8+ 
Qxe8 35.Qd8 Re6 36.f5 Re5 37.Qxe8+ Rxe8 38.Re1 Nd6 39.Rxe8+ Nxe8 40.Bxc6 
Nc7 41.Kf2 Kf8 42.Ke3 Ke7 43.Kd4 Kd6 44.Bb7 Ne8 45.Bd5 f6 46.c3 Nc7 47.Bc4
Kc6 48.b4 Kd6 49.g4 Ne8 50.Be2 Nc7 51.Kc4 1-0

[Event "12th EUR-ch"]
[Site "Aix-les-Bains FRA"]
[Date "2011.03.23"]
[Round "2.71"]
[White "Dembo, Yelena"]
[Black "Melkumyan, Hrant"]
[Result "0-1"]
[WhiteElo "2457"]
[BlackElo "2593"]
[EventDate "2011.03.22"]
[PlyCount "110"]

1.e4 e5 2.Nf3 Nc6 3.Bb5 a6 4.Ba4 Nf6 5.O-O Be7 6.Re1 b5 7.Bb3 O-O 8.a3 d6 
9.d3 Bb7 10.Nc3 Nb8 11.Ne2 Re8 12.Ng3 h6 13.c3 Nbd7 14.d4 Bc8 15.Bc2 c5 
16.d5 c4 17.Nf5 Nc5 18.h3 Kh7 19.g4 g6 20.Ng3 Bf8 21.Kg2 Bd7 22.Rh1 Qc8 
23.Ng1 Be7 24.f3 Ng8 25.h4 Qd8 26.g5 f6 27.Qd2 Rf8 28.N1e2 Nd3 29.Bxd3 
cxd3 30.Qxd3 fxg5 31.h5 Qe8 32.Bd2 gxh5 33.Rxh5 Qg6 34.Rah1 Rf7 35.R5h2 
Raf8 36.Rf1 Rf4 37.Kh1 Rh4 38.Rf2 Qf7 39.Ng1 Nf6 40.Rg2 Nh5 41.Nxh5 Rxh5 
42.Rxh5 Qxh5+ 43.Rh2 Qf7 44.Qe2 Bd8 45.Be3 Kg7 46.Qg2 Qg6 47.Ne2 h5 48.Ng3
h4 49.Nf5+ Bxf5 50.exf5 Qxf5 51.Rh3 Kg6 52.Kh2 Kh5 53.Qe2 e4 54.fxe4+ Qg4 
55.Qe1 Qxe4 0-1

[Event "12th EUR-ch"]
[Site "Aix-les-Bains FRA"]
[Date "2011.03.23"]
[Round "2.72"]
[White "Pelletier, Yannick"]
[Black "Caspi, Israel"]
[Result "1/2-1/2"]
[WhiteElo "2593"]
[BlackElo "2451"]
[EventDate "2011.03.22"]
[PlyCount "95"]

1.Nf3 f5 2.d4 Nf6 3.g3 g6 4.Bg2 Bg7 5.c4 O-O 6.O-O d6 7.Nc3 Nc6 8.d5 Na5 
9.Qa4 c5 10.dxc6 Nxc6 11.Rd1 Kh8 12.c5 d5 13.Bg5 e6 14.e4 fxe4 15.Nxe4 Bd7
16.Nxf6 Bxf6 17.Qh4 Qe7 18.Re1 Qg7 19.Rad1 b6 20.b4 bxc5 21.bxc5 Rab8 22.
Rb1 Bxg5 23.Nxg5 Rxb1 24.Rxb1 Nd4 25.Rd1 Nf5 26.Qb4 h6 27.c6 hxg5 28.cxd7 
Rd8 29.Qg4 Qe7 30.h4 Rxd7 31.hxg5 Kg7 32.Qe2 Qd6 33.Qb2+ Kh7 34.Bf3 Qe7 
35.Re1 Qg7 36.Qd2 e5 37.Kg2 e4 38.Bg4 Qe5 39.Qb4 Kg7 40.Qb5 Re7 41.Rd1 d4 
42.Qxe5+ Rxe5 43.Bxf5 gxf5 44.Rxd4 Kg6 45.Rd6+ Kxg5 46.Ra6 Re7 47.Kf1 f4 
48.gxf4+ 1/2-1/2

[Event "12th EUR-ch"]
[Site "Aix-les-Bains FRA"]
[Date "2011.03.23"]
[Round "2.73"]
[White "Berbatov, Kiprian"]
[Black "Brkic, Ante"]
[Result "0-1"]
[WhiteElo "2454"]
[BlackElo "2592"]
[EventDate "2011.03.22"]
[PlyCount "68"]

1.e4 c5 2.Nf3 d6 3.d4 cxd4 4.Nxd4 Nf6 5.Nc3 Bd7 6.Bc4 e6 7.Be3 a6 8.Bb3 b5
9.f3 Be7 10.g4 O-O 11.Qd2 Nc6 12.O-O-O Na5 13.Kb1 b4 14.Nce2 Nxb3 15.cxb3 
a5 16.g5 Ne8 17.f4 g6 18.Ng3 e5 19.fxe5 dxe5 20.Ndf5 gxf5 21.Qxd7 f4 22.
Qh3 Qb8 23.Nf5 Qb7 24.Bc1 Ng7 25.Ka1 Rfd8 26.Nxg7 Kxg7 27.Qf5 Qc7 28.h4 
Rxd1 29.Rxd1 Rc8 30.a4 bxa3 31.bxa3 Rd8 32.Rh1 Bc5 33.h5 Bd4+ 34.Kb1 Rc8 
0-1

[Event "12th EUR-ch"]
[Site "Aix-les-Bains FRA"]
[Date "2011.03.23"]
[Round "2.74"]
[White "Schroll, Gerhard"]
[Black "Palac, Mladen"]
[Result "0-1"]
[WhiteElo "2449"]
[BlackElo "2586"]
[EventDate "2011.03.22"]
[PlyCount "30"]

1.d4 Nf6 2.Nf3 d5 3.c3 c5 4.dxc5 e6 5.b4 a5 6.Bf4 axb4 7.cxb4 b6 8.Bxb8 
Rxb8 9.Qa4+ Nd7 10.c6 Qf6 11.Nfd2 Qxa1 12.e4 Kd8 13.cxd7 Bxd7 14.Bb5 Bxb5 
15.Qxb5 Kc7 0-1

[Event "12th EUR-ch"]
[Site "Aix-les-Bains FRA"]
[Date "2011.03.23"]
[Round "2.75"]
[White "Postny, Evgeny"]
[Black "Vernay, Clovis"]
[Result "1/2-1/2"]
[WhiteElo "2585"]
[BlackElo "2449"]
[EventDate "2011.03.22"]
[PlyCount "71"]

1.d4 d5 2.c4 c6 3.Nf3 Nf6 4.Qb3 dxc4 5.Qxc4 Bf5 6.g3 e6 7.Bg2 Nbd7 8.Nc3 
Be7 9.Qb3 Qb6 10.Nd2 Bg6 11.Nc4 Qa6 12.O-O b5 13.Ne5 Nxe5 14.dxe5 Nd5 15.
e4 Nb6 16.f4 Bc5+ 17.Kh1 b4 18.f5 bxc3 19.Qxc3 Qc4 20.fxg6 hxg6 21.Qf3 O-O
22.b3 Qb5 23.a4 Qa5 24.Bb2 Rad8 25.Rad1 Rxd1 26.Rxd1 Bb4 27.Bf1 c5 28.Rc1 
Nd7 29.Bc4 Qc7 30.Rd1 Nb8 31.Qd3 Qb7 32.Kg2 Qa8 33.Qf3 Qb7 34.Qd3 Qa8 35.
Qf3 Qb7 36.Qd3 1/2-1/2

[Event "12th EUR-ch"]
[Site "Aix-les-Bains FRA"]
[Date "2011.03.23"]
[Round "2.76"]
[White "Kurmann, Oliver"]
[Black "Guseinov, Gadir"]
[Result "0-1"]
[WhiteElo "2446"]
[BlackElo "2584"]
[EventDate "2011.03.22"]
[PlyCount "72"]

1.e4 c5 2.Nf3 Nc6 3.Nc3 g6 4.d4 cxd4 5.Nxd4 Bg7 6.Be3 Nf6 7.Bc4 O-O 8.Bb3 
d6 9.f3 Bd7 10.Qd2 Nxd4 11.Bxd4 b5 12.a4 bxa4 13.Bxa4 Bxa4 14.Rxa4 Qb8 15.
O-O Rc8 16.b3 Qb7 17.Rfa1 a6 18.R1a2 Rc6 19.Nd5 Nxd5 20.exd5 Bxd4+ 21.Rxd4
Rc5 22.Rd3 Qc8 23.c4 Rb8 24.Re3 Rc7 25.Qe1 Rcb7 26.Rxa6 Rxb3 27.Rxb3 Rxb3 
28.Qa1 Qc5+ 29.Kh1 f6 30.Qe1 Re3 31.Qf2 Kf7 32.Rc6 Qd4 33.h3 h5 34.h4 g5 
35.hxg5 fxg5 36.Qg3 h4 0-1

[Event "12th EUR-ch"]
[Site "Aix-les-Bains FRA"]
[Date "2011.03.23"]
[Round "2.77"]
[White "Mastrovasilis, Dimitrios"]
[Black "Gutov, Andrey"]
[Result "1-0"]
[WhiteElo "2584"]
[BlackElo "2445"]
[EventDate "2011.03.22"]
[PlyCount "71"]

1.e4 e5 2.Nf3 Nc6 3.Bb5 a6 4.Ba4 Nf6 5.O-O Be7 6.Re1 b5 7.Bb3 d6 8.c3 O-O 
9.h3 Na5 10.Bc2 c5 11.d4 Qc7 12.Nbd2 Bd7 13.Nf1 Rfc8 14.dxe5 dxe5 15.Ne3 
c4 16.Nf5 Bxf5 17.exf5 Nd7 18.Qd5 Bd6 19.Ng5 Nf6 20.Qf3 Nb7 21.a4 b4 22.
Ne4 Nxe4 23.Bxe4 Rab8 24.Bd5 Nc5 25.Qg4 Nd7 26.Bg5 bxc3 27.bxc3 Bf8 28.
Rad1 Rb6 29.Re4 Rd6 30.Rxc4 Qb8 31.Rb4 Qc7 32.Rb7 Qc5 33.Bxf7+ Kxf7 34.
Rxd7+ Rxd7 35.Rxd7+ Kg8 36.f6 1-0

[Event "12th EUR-ch"]
[Site "Aix-les-Bains FRA"]
[Date "2011.03.23"]
[Round "2.78"]
[White "Zhukova, Natalia"]
[Black "Mikhalevski, Victor"]
[Result "0-1"]
[WhiteElo "2443"]
[BlackElo "2584"]
[EventDate "2011.03.22"]
[PlyCount "57"]

1.d4 Nf6 2.c4 g6 3.Nc3 d5 4.Nf3 Bg7 5.Qa4+ Bd7 6.Qb3 dxc4 7.Qxc4 O-O 8.Bf4
Na6 9.e4 c5 10.e5 Nh5 11.Be3 cxd4 12.Qxd4 Bc6 13.Be2 Qa5 14.O-O Rfd8 15.
Qh4 Bxe5 16.b4 Qc7 17.Nxe5 Qxe5 18.b5 Qxc3 19.bxc6 Qxc6 20.Bf3 Qd6 21.Rab1
Rac8 22.Bxh5 gxh5 23.Rb5 h6 24.Rxb7 Rc7 25.Rxa7 Rxa7 26.Bxa7 Qd5 27.Qa4 
Kg7 28.Bb6 Ra8 29.Qh4 0-1

[Event "12th EUR-ch"]
[Site "Aix-les-Bains FRA"]
[Date "2011.03.23"]
[Round "2.79"]
[White "Kotronias, Vasilios"]
[Black "Haznedaroglu, Kivanc"]
[Result "1/2-1/2"]
[WhiteElo "2583"]
[BlackElo "2440"]
[EventDate "2011.03.22"]
[PlyCount "118"]

1.e4 e5 2.Nf3 Nc6 3.Bb5 a6 4.Ba4 Nf6 5.O-O Be7 6.Re1 b5 7.Bb3 d6 8.c3 O-O 
9.h3 Na5 10.Bc2 c5 11.d4 Qc7 12.Nbd2 cxd4 13.cxd4 Nc6 14.Nb3 a5 15.Be3 a4 
16.Nbd2 Bd7 17.Rc1 Rfc8 18.Bd3 Qb7 19.Qe2 Rab8 20.dxe5 Nxe5 21.Bf4 Nxd3 
22.Qxd3 Rxc1 23.Rxc1 Rd8 24.Bxd6 Be6 25.e5 Bxd6 26.exd6 Qb6 27.Ng5 Qxd6 
28.Qxd6 Rxd6 29.Nxe6 fxe6 30.Nf3 Rd5 31.Kf1 Ne4 32.Ke2 Kf7 33.Rc2 Kf6 34.
Nh2 h5 35.Nf3 g5 36.g4 hxg4 37.hxg4 Ke7 38.Rc7+ Kf6 39.Ke3 Nc5 40.Nd4 b4 
41.b3 Re5+ 42.Kf3 Rd5 43.bxa4 Rxd4 44.Rxc5 Rd3+ 45.Ke4 Ra3 46.a5 Rxa2 47.
Kd3 Rxf2 48.Rb5 Ra2 49.Kc4 e5 50.Kxb4 e4 51.Rf5+ Ke6 52.Rxg5 e3 53.Rg8 Kf7
54.Rh8 e2 55.Rh1 Kf6 56.Kb5 Kg5 57.Rg1 Rb2+ 58.Kc4 Rd2 59.Re1 Kxg4 1/2-1/2

[Event "12th EUR-ch"]
[Site "Aix-les-Bains FRA"]
[Date "2011.03.23"]
[Round "2.80"]
[White "Javakhishvili, Lela"]
[Black "Mamedov, Nidjat"]
[Result "1-0"]
[WhiteElo "2437"]
[BlackElo "2583"]
[EventDate "2011.03.22"]
[PlyCount "79"]

1.d4 Nf6 2.c4 g6 3.g3 Bg7 4.Bg2 d6 5.Nf3 O-O 6.Nc3 Nc6 7.O-O a6 8.Bf4 Rb8 
9.Rc1 Bd7 10.Qd2 b5 11.Nd5 bxc4 12.Nxf6+ exf6 13.Rxc4 Ne7 14.d5 Nf5 15.Qc2
Bb5 16.Rc3 Re8 17.Re1 Rb7 18.b3 Bd7 19.Bd2 Ne7 20.Nd4 f5 21.Rc4 Bb5 22.
Nxb5 axb5 23.Rb4 Qd7 24.Bc3 Bxc3 25.Qxc3 Ra7 26.Ra1 Rea8 27.a4 Nc8 28.e4 
Ne7 29.Rb1 fxe4 30.Rxb5 f5 31.f3 exf3 32.Qxf3 Ra5 33.Bf1 Rxb5 34.Bxb5 Qd8 
35.Re1 Kf7 36.Qe3 Kg8 37.Bc6 Rb8 38.a5 Rb4 39.a6 Re4 40.Qxe4 1-0

[Event "12th EUR-ch"]
[Site "Aix-les-Bains FRA"]
[Date "2011.03.23"]
[Round "2.81"]
[White "Halkias, Stelios"]
[Black "Aloma Vidal, Robert"]
[Result "1-0"]
[WhiteElo "2579"]
[BlackElo "2434"]
[EventDate "2011.03.22"]
[PlyCount "46"]

1.c4 Nf6 2.Nc3 g6 3.g3 Bg7 4.Bg2 e5 5.d3 O-O 6.Nf3 Nc6 7.O-O d6 8.Rb1 a5 
9.a3 h6 10.b4 axb4 11.axb4 Nh5 12.b5 Ne7 13.Bb2 f5 14.Qb3 Be6 15.Nd2 Rb8 
16.Ra1 g5 17.Ra7 b6 18.Nd5 Rc8 19.Rfa1 f4 20.Ne4 g4 21.Nxd6 f3 22.Nxc8 
Nxd5 23.cxd5 Bxc8 1-0

[Event "12th EUR-ch"]
[Site "Aix-les-Bains FRA"]
[Date "2011.03.23"]
[Round "2.82"]
[White "Govciyan, Pavel"]
[Black "Ftacnik, Lubomir"]
[Result "1/2-1/2"]
[WhiteElo "2434"]
[BlackElo "2578"]
[EventDate "2011.03.22"]
[PlyCount "47"]

1.c4 Nf6 2.g3 c6 3.Bg2 d5 4.Nf3 g6 5.b3 Bg7 6.Bb2 O-O 7.O-O a5 8.d4 Bf5 9.
Nc3 Ne4 10.Nh4 Nxc3 11.Bxc3 Be6 12.Qd3 Nd7 13.Rfd1 Qb6 14.e4 dxe4 15.Qxe4 
a4 16.Rab1 axb3 17.axb3 Ra2 18.Be1 Nf6 19.Qe3 Rfa8 20.h3 Ne8 21.g4 Rd8 22.
Nf3 Ra3 23.Bf1 Bf6 24.Be2 1/2-1/2

[Event "12th EUR-ch"]
[Site "Aix-les-Bains FRA"]
[Date "2011.03.23"]
[Round "2.84"]
[White "Smirnov, Artem"]
[Black "Ter-Sahakyan, Samvel"]
[Result "0-1"]
[WhiteElo "2425"]
[BlackElo "2575"]
[EventDate "2011.03.22"]
[PlyCount "63"]

1.d4 d5 2.c4 c6 3.Nf3 Nf6 4.e3 e6 5.b3 Bd6 6.Bd3 O-O 7.Nbd2 Nbd7 8.Bb2 Re8
9.Ne5 dxc4 10.Ndxc4 Bb4+ 11.Ke2 b5 12.Nd2 Bb7 13.Ndf3 Nxe5 14.dxe5 Nd5 15.
Qc2 h6 16.a3 Be7 17.h4 a6 18.g4 c5 19.Rad1 Rc8 20.g5 c4 21.bxc4 bxc4 22.
Bh7+ Kh8 23.Bd4 Rf8 24.Be4 h5 25.g6 fxg6 26.Ng5 Bxg5 27.hxg5 Rf5 28.f3 
Rxg5 29.Bxg6 Qe7 30.Bxh5 Rf5 31.Bg4+ Kg8 32.Bxf5 0-1

[Event "12th EUR-ch"]
[Site "Aix-les-Bains FRA"]
[Date "2011.03.23"]
[Round "2.85"]
[White "Nuri, Kambez"]
[Black "Zhigalko, Andrey"]
[Result "0-1"]
[WhiteElo "2314"]
[BlackElo "2571"]
[EventDate "2011.03.22"]
[PlyCount "46"]

1.e4 c5 2.Nf3 e6 3.d4 cxd4 4.Nxd4 a6 5.Nc3 b5 6.a3 Bb7 7.g3 Nc6 8.Bg2 Nxd4
9.Qxd4 Ne7 10.Be3 Nc6 11.Qb6 Qc8 12.f4 Rb8 13.Bf2 Ba8 14.Qe3 Na5 15.O-O 
Nc4 16.Qd4 Nxb2 17.Rfb1 Nc4 18.a4 b4 19.Nd5 f6 20.Nxb4 Rxb4 21.Rxb4 Bxb4 
22.Rc1 d5 23.Rb1 Nd6 0-1

[Event "12th EUR-ch"]
[Site "Aix-les-Bains FRA"]
[Date "2011.03.23"]
[Round "2.86"]
[White "Papin, Vasily"]
[Black "Bacon, Nicolas"]
[Result "1-0"]
[WhiteElo "2569"]
[BlackElo "2177"]
[EventDate "2011.03.22"]
[PlyCount "45"]

1.d4 d5 2.Nf3 Nf6 3.c4 c6 4.Qc2 e6 5.Bg5 h6 6.Bh4 Nbd7 7.e3 Qa5+ 8.Nfd2 g5
9.Bg3 Ne4 10.Nc3 Nxg3 11.hxg3 Bg7 12.Bd3 O-O 13.f4 Re8 14.O-O-O b5 15.Nb3 
Qc7 16.cxd5 exd5 17.Nxb5 Qb6 18.Nd6 Rxe3 19.Nf5 gxf4 20.Nxh6+ Bxh6 21.Rxh6
Rxg3 22.Qe2 Nf8 23.Qe5 1-0

[Event "12th EUR-ch"]
[Site "Aix-les-Bains FRA"]
[Date "2011.03.23"]
[Round "2.87"]
[White "Jadrijevic, Ante"]
[Black "Kozul, Zdenko"]
[Result "0-1"]
[WhiteElo "2247"]
[BlackElo "2568"]
[EventDate "2011.03.22"]
[PlyCount "34"]

1.d4 Nf6 2.Nf3 g6 3.Bf4 Bg7 4.e3 O-O 5.Be2 c5 6.c3 b6 7.Nbd2 d6 8.h3 Bb7 
9.O-O Nbd7 10.Bh2 a6 11.b4 cxb4 12.cxb4 Rc8 13.Qb3 Qc7 14.Qb1 Nd5 15.Bd3 
b5 16.a3 N7b6 17.Rc1 Nc3 0-1

[Event "12th EUR-ch"]
[Site "Aix-les-Bains FRA"]
[Date "2011.03.23"]
[Round "2.88"]
[White "Jaracz, Pawel"]
[Black "Sreeves, Clement"]
[Result "1/2-1/2"]
[WhiteElo "2565"]
[BlackElo "2135"]
[EventDate "2011.03.22"]
[PlyCount "53"]

1.c4 Nf6 2.Nc3 g6 3.g3 Bg7 4.Bg2 O-O 5.d4 d6 6.Nf3 Nc6 7.O-O a6 8.Qd3 Bf5 
9.e4 Bg4 10.Be3 Nd7 11.Ne1 e5 12.d5 Nd4 13.f3 Nc5 14.Qd1 Bc8 15.Nc2 Nxc2 
16.Qxc2 f5 17.b4 Nd7 18.c5 Nf6 19.Na4 Bd7 20.cxd6 Bxa4 21.Qxa4 cxd6 22.Qc2
fxe4 23.fxe4 Ng4 24.Rxf8+ Bxf8 25.Qe2 Nxe3 26.Qxe3 Qd7 27.Kf1 1/2-1/2

[Event "12th EUR-ch"]
[Site "Aix-les-Bains FRA"]
[Date "2011.03.23"]
[Round "2.89"]
[White "Colin, Vincent"]
[Black "Svidler, Peter"]
[Result "0-1"]
[WhiteElo "2427"]
[BlackElo "2730"]
[EventDate "2011.03.22"]
[PlyCount "48"]

1.d4 Nf6 2.c4 e6 3.Nc3 Bb4 4.e3 O-O 5.a3 Bxc3+ 6.bxc3 b6 7.Ne2 Ba6 8.Ng3 
Nc6 9.e4 Ne8 10.Qa4 Na5 11.c5 Bxf1 12.Nxf1 d6 13.cxb6 cxb6 14.h4 f5 15.
exf5 exf5 16.Bg5 Qc8 17.Rh3 f4 18.Nd2 h6 19.Qd1 Rf5 20.g4 fxg3 21.Rxg3 
hxg5 22.hxg5 Nc7 23.Ne4 Qe6 24.Re3 Qg6 0-1

[Event "12th EUR-ch"]
[Site "Aix-les-Bains FRA"]
[Date "2011.03.23"]
[Round "2.91"]
[White "Vitiugov, Nikita"]
[Black "Terrieux, Kevin"]
[Result "1-0"]
[WhiteElo "2720"]
[BlackElo "2422"]
[EventDate "2011.03.22"]
[PlyCount "67"]

1.d4 Nf6 2.c4 e6 3.Nf3 b6 4.a3 Ba6 5.Qb3 c5 6.d5 b5 7.cxb5 Bb7 8.dxe6 fxe6
9.g3 Qb6 10.Nbd2 a6 11.bxa6 Qxb3 12.Nxb3 Nxa6 13.Bg2 Be7 14.Nbd2 c4 15.O-O
Rc8 16.Re1 Nc5 17.Nd4 Bxg2 18.Kxg2 d5 19.e4 Nd3 20.Re2 c3 21.N2b3 cxb2 22.
Bxb2 e5 23.Nb5 Nxb2 24.Rxb2 Nxe4 25.Re2 Kd7 26.a4 Bd6 27.Rxe4 dxe4 28.Rd1 
Rc6 29.Na5 Ra6 30.Nc4 Rxa4 31.Rxd6+ Ke7 32.Nb6 Ra2 33.Nd5+ Kf7 34.Nbc3 1-0

[Event "12th EUR-ch"]
[Site "Aix-les-Bains FRA"]
[Date "2011.03.23"]
[Round "2.92"]
[White "Vedmediuc, Serghei"]
[Black "Wojtaszek, Radoslaw"]
[Result "0-1"]
[WhiteElo "2422"]
[BlackElo "2711"]
[EventDate "2011.03.22"]
[PlyCount "80"]

1.e4 c5 2.Nf3 d6 3.d4 cxd4 4.Nxd4 Nf6 5.Nc3 a6 6.Bg5 e6 7.f4 h6 8.Bh4 Qb6 
9.Qd3 Qxb2 10.Rb1 Qa3 11.f5 Be7 12.Be2 Nxe4 13.O-O Qxc3 14.Qxe4 Nc6 15.
Rbd1 d5 16.Qg4 Bxh4 17.Qxh4 Qe3+ 18.Rf2 Nxd4 19.Rxd4 exf5 20.Rd3 Qe4 21.
Qh3 Be6 22.Re3 Qd4 23.c3 Qb6 24.Bd3 g6 25.Ree2 Qc5 26.Qg3 Rc8 27.Re3 Ke7 
28.h4 Qd6 29.Re5 Rxc3 30.Rc2 Qc5+ 31.Kh2 Qd4 32.Re3 f4 33.Rxe6+ fxe6 34.
Qe1 Rc6 35.Bxg6 f3 36.Rd2 Qf6 37.h5 Rhc8 38.Rxd5 Qf4+ 39.g3 f2 40.Qd1 f1=Q
0-1

[Event "12th EUR-ch"]
[Site "Aix-les-Bains FRA"]
[Date "2011.03.23"]
[Round "2.93"]
[White "Jobava, Baadur"]
[Black "Potapov, Alexander"]
[Result "1/2-1/2"]
[WhiteElo "2707"]
[BlackElo "2425"]
[EventDate "2011.03.22"]
[PlyCount "56"]

1.e4 e5 2.Nf3 Nc6 3.Bc4 Nf6 4.Ng5 d5 5.exd5 Na5 6.Bb5+ c6 7.dxc6 bxc6 8.
Be2 h6 9.Nh3 Bd6 10.d3 Rb8 11.Nc3 Bf5 12.Bf3 O-O 13.O-O Qd7 14.Kh1 Bxh3 
15.gxh3 Qxh3 16.Bg2 Qh4 17.h3 c5 18.Qf3 Kh8 19.Bd2 Rxb2 20.Nd1 e4 21.Qe3 
Rxc2 22.Bxa5 exd3 23.Qxd3 Qf4 24.Qg3 Qd4 25.Bc3 Rxc3 26.Qxc3 Qf4 27.Qg3 
Qd4 28.Qc3 Qf4 1/2-1/2

[Event "12th EUR-ch"]
[Site "Aix-les-Bains FRA"]
[Date "2011.03.23"]
[Round "2.94"]
[White "Roser, Kevin"]
[Black "Vallejo Pons, Francisco"]
[Result "0-1"]
[WhiteElo "2423"]
[BlackElo "2707"]
[EventDate "2011.03.22"]
[PlyCount "106"]

1.e4 e6 2.d4 d5 3.Nc3 Nf6 4.Bg5 Bb4 5.e5 h6 6.Bd2 Bxc3 7.bxc3 Ne4 8.Qg4 
Kf8 9.Bd3 Nxd2 10.Kxd2 c5 11.Nf3 cxd4 12.cxd4 Qa5+ 13.Ke2 Nc6 14.Qf4 b6 
15.g4 Ba6 16.h4 Nb4 17.Qd2 Rc8 18.Ne1 Ke7 19.Ke3 Bxd3 20.cxd3 Qa4 21.a3 
Nc6 22.Qb2 h5 23.gxh5 Rxh5 24.f4 Kd7 25.Nf3 Ne7 26.Rac1 Nf5+ 27.Kf2 Rhh8 
28.h5 g6 29.h6 Rxh6 30.Rxc8 Kxc8 31.Rc1+ Kb7 32.Qc3 Qd7 33.a4 Rh8 34.a5 
Rc8 35.a6+ Kb8 36.Qa3 Rxc1 37.Qxc1 Qa4 38.Ng5 Qa2+ 39.Kg1 Nxd4 40.Qe3 Nf5 
41.Qh3 Qb1+ 42.Kg2 Qc2+ 43.Kg1 Qd1+ 44.Kf2 Qd2+ 45.Kg1 Qe1+ 46.Kg2 Nh4+ 
47.Kh2 Qf2+ 48.Kh1 Nf5 49.Qh8+ Kc7 50.Nxe6+ fxe6 51.Qh7+ Kc6 52.Qb7+ Kb5 
53.Qd7+ Ka5 0-1

[Event "12th EUR-ch"]
[Site "Aix-les-Bains FRA"]
[Date "2011.03.23"]
[Round "2.95"]
[White "Telljohann, Sven"]
[Black "Fressinet, Laurent"]
[Result "0-1"]
[WhiteElo "2415"]
[BlackElo "2693"]
[EventDate "2011.03.22"]
[PlyCount "82"]

1.d4 g6 2.Nf3 Bg7 3.e4 d6 4.h3 Nf6 5.Bd3 O-O 6.O-O Nc6 7.c3 e5 8.dxe5 Nxe5
9.Nxe5 dxe5 10.Bc2 Qe7 11.Bg5 h6 12.Bxf6 Qxf6 13.Na3 Rd8 14.Qe2 Bf8 15.Nc4
Qg5 16.Qe3 Qxe3 17.Nxe3 Kg7 18.Rfd1 Bd7 19.Rd2 Be8 20.Rad1 Rxd2 21.Rxd2 b5
22.Kf1 a5 23.Ke2 h5 24.g3 a4 25.a3 c6 26.f4 exf4 27.gxf4 Be7 28.Kf3 Rd8 
29.Rxd8 Bxd8 30.Bd3 Bd7 31.Bf1 Be7 32.Nc2 g5 33.f5 Kf6 34.Nb4 Bd6 35.Nc2 
Ke5 36.Bg2 c5 37.Ne3 Bc6 38.Nd5 Bxd5 39.exd5 Kxf5 40.c4 b4 41.axb4 cxb4 
0-1

[Event "12th EUR-ch"]
[Site "Aix-les-Bains FRA"]
[Date "2011.03.23"]
[Round "2.96"]
[White "Thorfinnsson, Bragi"]
[Black "Laznicka, Viktor"]
[Result "0-1"]
[WhiteElo "2417"]
[BlackElo "2688"]
[EventDate "2011.03.22"]
[PlyCount "34"]

1.d4 Nf6 2.c4 e6 3.Nf3 d5 4.g3 Bb4+ 5.Bd2 Be7 6.Bg2 Nbd7 7.O-O c6 8.Qc2 b6
9.Rd1 Ba6 10.b3 Rc8 11.a4 c5 12.a5 b5 13.dxc5 Rxc5 14.Nc3 bxc4 15.b4 Rc8 
16.e4 dxe4 17.Nxe4 O-O 0-1

[Event "12th EUR-ch"]
[Site "Aix-les-Bains FRA"]
[Date "2011.03.23"]
[Round "2.98"]
[White "Riazantsev, Alexander"]
[Black "Poetsch, Hagen"]
[Result "1-0"]
[WhiteElo "2679"]
[BlackElo "2415"]
[EventDate "2011.03.22"]
[PlyCount "81"]

1.d4 d5 2.c4 c6 3.Nc3 dxc4 4.e4 b5 5.a4 b4 6.Nb1 Nf6 7.e5 Nd5 8.Bxc4 Bf5 
9.Ne2 e6 10.O-O Nd7 11.Ng3 Bg6 12.f4 N7b6 13.Ba6 Ne7 14.f5 Bxf5 15.a5 Nbd5
16.Nxf5 exf5 17.Qb3 Qd7 18.Nd2 Nc7 19.Nc4 Ned5 20.Bb7 Rb8 21.a6 Ne6 22.Qa4
Nxd4 23.e6 fxe6 24.Ne5 Qc7 25.Nxc6 Nb6 26.Bf4 Ne2+ 27.Kh1 Nxf4 28.Qb5 Kf7 
29.g3 Bd6 30.gxf4 Rbe8 31.Nxa7 Nd7 32.Qe2 Bxf4 33.Nb5 Qe5 34.Qc4 g5 35.
Rad1 Nb6 36.Qxb4 Rd8 37.Rde1 Qf6 38.Rxf4 gxf4 39.Nd6+ Rxd6 40.Qxd6 Nc8 41.
Bxc8 1-0

[Event "12th EUR-ch"]
[Site "Aix-les-Bains FRA"]
[Date "2011.03.23"]
[Round "2.99"]
[White "Beinoras, Mindaugas"]
[Black "Akopian, Vladimir"]
[Result "0-1"]
[WhiteElo "2356"]
[BlackElo "2675"]
[EventDate "2011.03.22"]
[PlyCount "54"]

1.d4 Nf6 2.c4 d6 3.Nc3 Nbd7 4.e4 e5 5.Nge2 g6 6.f3 Bg7 7.Be3 O-O 8.Qd2 c6 
9.d5 cxd5 10.cxd5 a6 11.Nc1 Nh5 12.Nb3 f5 13.O-O-O Ndf6 14.exf5 gxf5 15.
Bd3 b5 16.Kb1 b4 17.Ne2 a5 18.Ng3 f4 19.Nxh5 fxe3 20.Nxf6+ Rxf6 21.Qe2 a4 
22.Nc1 e4 23.Bxe4 b3 24.a3 Ba6 25.Nd3 Qe8 26.Ka1 Rc8 27.Rc1 Rc2 0-1

[Event "12th EUR-ch"]
[Site "Aix-les-Bains FRA"]
[Date "2011.03.23"]
[Round "2.100"]
[White "Zvjaginsev, Vadim"]
[Black "Serov, Maksim"]
[Result "1/2-1/2"]
[WhiteElo "2663"]
[BlackElo "2352"]
[EventDate "2011.03.22"]
[PlyCount "49"]

1.c4 Nf6 2.Nc3 g6 3.e4 d6 4.d4 Bg7 5.Nge2 a6 6.Ng3 h5 7.Be2 e5 8.Bg5 Bd7 
9.O-O h4 10.Nh1 Nc6 11.dxe5 dxe5 12.Nd5 Nd4 13.f4 Ne6 14.fxe5 Nxg5 15.exf6
Bf8 16.Nf2 c6 17.Nc3 Qc7 18.Bg4 O-O-O 19.Bxd7+ Qxd7 20.Qg4 Ne6 21.Nd5 cxd5
22.cxd5 Nc5 23.b4 Na4 24.Rac1+ Kb8 25.Nd3 1/2-1/2

[Event "12th EUR-ch"]
[Site "Aix-les-Bains FRA"]
[Date "2011.03.23"]
[Round "2.101"]
[White "Zarkua, Davit"]
[Black "Nyback, Tomi"]
[Result "0-1"]
[WhiteElo "2397"]
[BlackElo "2656"]
[EventDate "2011.03.22"]
[PlyCount "126"]

1.d4 d5 2.c4 e6 3.Nf3 Nf6 4.g3 Bb4+ 5.Bd2 Be7 6.Bg2 O-O 7.Qc2 c6 8.O-O b6 
9.Bf4 Ba6 10.Nbd2 Nbd7 11.Rfc1 Nh5 12.Be3 Bb7 13.Ne1 f5 14.Nd3 Bd6 15.cxd5
exd5 16.f4 Qe8 17.Ne5 Nxe5 18.dxe5 Be7 19.Bf2 g6 20.Nf3 Ng7 21.a4 c5 22.a5
Ne6 23.Qb3 b5 24.a6 Bc6 25.Nd4 Nc7 26.Nxc6 Qxc6 27.Qa3 Ne6 28.Rd1 Rfd8 29.
Qf3 Nc7 30.g4 Qe6 31.gxf5 gxf5 32.Qh5 Kh8 33.Ra3 Rg8 34.Rh3 Rg7 35.Qh6 Rd8
36.e3 d4 37.Qxe6 Nxe6 38.Rh6 Rg6 39.Rxg6 hxg6 40.exd4 cxd4 41.Bf1 Bc5 42.
Bxb5 Nxf4 43.Kf1 Nh3 44.e6 Nxf2 45.Kxf2 Rb8 46.b4 Bxb4 47.Rb1 Bd6 48.Bd3 
Rxb1 49.Bxb1 Kg7 50.h3 Kf6 51.Ba2 Ke5 52.Kf3 Bc5 53.Bc4 g5 54.Ke2 Kf4 55.
Bd3 Bd6 56.Bc2 Ke5 57.Kd3 Bc5 58.Kc4 Be7 59.Ba4 Bf6 60.Bd7 Ke4 61.Be8 d3 
62.Bg6 d2 63.Bh5 g4 0-1

[Event "12th EUR-ch"]
[Site "Aix-les-Bains FRA"]
[Date "2011.03.23"]
[Round "2.102"]
[White "Kurnosov, Igor"]
[Black "Csiba, Dominik"]
[Result "1/2-1/2"]
[WhiteElo "2653"]
[BlackElo "2378"]
[EventDate "2011.03.22"]
[PlyCount "126"]

1.e4 c5 2.Nf3 d6 3.d4 cxd4 4.Nxd4 Nf6 5.Nc3 a6 6.Bg5 Nbd7 7.Bc4 Qb6 8.Bb3 
e6 9.Bxf6 Nxf6 10.Qd2 Nd7 11.O-O-O Nc5 12.Rhe1 Bd7 13.f4 O-O-O 14.f5 g6 
15.Kb1 Bg7 16.Nf3 Bc6 17.fxe6 fxe6 18.Ng5 Bh6 19.Qe3 Qa5 20.h4 Nxb3 21.
axb3 Rhf8 22.Qh3 Bxg5 23.Qxe6+ Kb8 24.hxg5 Qxg5 25.Rxd6 Qxg2 26.Qe5 Ka8 
27.Qe7 Rde8 28.Qg7 Qf2 29.Red1 Rf7 30.Qh6 Bxe4 31.R6d2 Qf3 32.Qh2 Rff8 33.
Qxh7 Qf5 34.b4 Rc8 35.Qh4 Bc6 36.Qh2 g5 37.b5 axb5 38.Qd6 Qf4 39.Qa3+ Kb8 
40.Rd4 Qc7 41.Qb4 Rf4 42.b3 Qe5 43.Kb2 Rxd4 44.Rxd4 Rg8 45.Rd1 g4 46.Ra1 
g3 47.Qa5 Qg7 48.Qa8+ Kc7 49.Qa5+ Kb8 50.Qa8+ Kc7 51.Qa5+ b6 52.Qa7+ Bb7 
53.Ra6 Kc8 54.Qxb6 Bxa6 55.Qxa6+ Kd8 56.Qb6+ Ke7 57.Qc5+ Kf7 58.Qd5+ Kg6 
59.Qxb5 g2 60.Qd3+ Kg5 61.Qg3+ Kf5 62.Qf3+ Ke6 63.Qd5+ Ke7 1/2-1/2